Introducción a la Ciencia e Ingeniería de los materiales
Guardat en:
| Autor principal: | |
|---|---|
| Format: | Llibre |
| Idioma: | espanyol |
| Publicat: |
Barcelona
Reverté
1995
|
| Matèries: | |
| Etiquetes: |
Afegir etiqueta
Sense etiquetes, Sigues el primer a etiquetar aquest registre!
|
MARC
| LEADER | 00000nam a2200000 a 4500 | ||
|---|---|---|---|
| 001 | UCL3677 | ||
| 003 | CL-VaPUC | ||
| 008 | 031205e19950000SP |||||||||||||||||spa|d | ||
| 020 | |a 8429172521 | ||
| 020 | |a 842917253Xv.1 | ||
| 020 | |a 8429172548v.2 | ||
| 082 | 0 | 4 | |a 620.11 |b CAL |2 21 |
| 100 | 0 | |a Callister, William D |e author |9 481039 | |
| 245 | 1 | 0 | |a Introducción a la Ciencia e Ingeniería de los materiales |
| 300 | |a 2 v | ||
| 942 | |c BK | ||
| 945 | |d 20031205 00:00:00 |a cmena | ||
| 260 | |a Barcelona |b Reverté |c 1995 | ||
| 650 | 0 | |a Materiales |9 260800 | |
| 650 | 0 | |a Ciencia de los materiales |9 317742 | |
| 650 | 0 | |a Ingeniería de los materiales |9 419085 | |
| 650 | 0 | |a Metales |9 260686 | |
| 650 | 0 | |a Aleación (Química) |9 263528 | |
| 650 | 7 | |a CERAMICAS |2 CL-VaPUC |9 364864 | |
| 583 | |a last modification |c 20031205 00:00:00 |k Rodrigo Vera | ||
| 999 | |c 306690 |d 306688 | ||
| 952 | |0 0 |1 0 |4 0 |6 620_110000000000000_CAL_1995 |7 0 |8 R |9 371881 |a BIBMEC |b BIBMEC |d 2019-11-21 |h v.1 |i 3971201 |o 620.11 CAL 1995 |p 3971201 |r 2024-12-12 |w 2019-11-21 |y BK_R |k MEC | ||
| 952 | |0 0 |1 0 |2 ddc |4 0 |6 620_110000000000000_CAL_1995 |7 0 |8 A |9 371882 |a BIBMEC |b BIBMEC |d 2019-11-21 |h v.2 |i 397121K |o 620.11 CAL 1995 |p 397121K |r 2024-01-19 |w 2019-11-21 |y BK_P |k MEC | ||
| 952 | |0 0 |1 0 |2 ddc |4 0 |6 620_110000000000000_CAL_1995 |7 0 |8 A |9 371883 |a BIBMEC |b BIBMEC |d 2019-11-21 |h v.1 |i 4007255 |l 1 |o 620.11 CAL 1995 |p 4007255 |r 2024-01-19 |s 2023-05-08 |w 2019-11-21 |y BK_P |k MEC | ||
| 952 | |0 0 |1 0 |2 ddc |4 0 |6 620_110000000000000_CAL_1995 |7 0 |8 A |9 371884 |a BIBMEC |b BIBMEC |d 2019-11-21 |h v.1 |i 4007263 |o 620.11 CAL 1995 |p 4007263 |r 2024-01-19 |w 2019-11-21 |y BK_P |k MEC | ||
| 952 | |0 0 |1 0 |2 ddc |4 0 |6 620_110000000000000_CAL_1995 |7 0 |8 A |9 371885 |a BIBMEC |b BIBMEC |d 2019-11-21 |h v.2 |i 400728K |o 620.11 CAL 1995 |p 400728K |r 2024-01-19 |w 2019-11-21 |y BK_P |k MEC | ||
| 952 | |0 0 |1 0 |2 ddc |4 0 |6 620_110000000000000_CAL_1995 |7 0 |8 A |9 371886 |a BIBMEC |b BIBMEC |d 2019-11-21 |h v.1 |i 4096975 |l 1 |o 620.11 CAL 1995 |p 4096975 |r 2024-04-30 |s 2024-04-22 |w 2019-11-21 |y BK_R |k MEC | ||
| 952 | |0 0 |1 0 |4 0 |6 620_110000000000000_CAL_1995 |7 0 |8 R |9 371887 |a BIBMEC |b BIBMEC |d 2019-11-21 |h v.1 |i 4096983 |o 620.11 CAL 1995 |p 4096983 |r 2019-11-21 |w 2019-11-21 |y BK_R |k MEC | ||
| 952 | |0 0 |1 0 |2 ddc |4 0 |6 620_110000000000000_CAL_1995 |7 0 |8 A |9 371888 |a BIBMEC |b BIBMEC |d 2019-11-21 |h v.2 |i 4096991 |l 5 |o 620.11 CAL 1995 |p 4096991 |r 2024-01-19 |s 2022-10-20 |w 2019-11-21 |y BK_P |k MEC | ||
| 952 | |0 0 |1 0 |2 ddc |4 0 |6 620_110000000000000_CAL_1995 |7 0 |8 A |9 371889 |a BIBMEC |b BIBMEC |d 2019-11-21 |h v.2 |i 4097009 |o 620.11 CAL 1995 |p 4097009 |r 2024-01-19 |w 2019-11-21 |y BK_P |k MEC | ||
| 952 | |0 0 |1 0 |4 0 |6 620_110000000000000_CAL_1995 |7 0 |8 R |9 371890 |a BIBMEC |b BIBMEC |d 2019-11-21 |h v.1 |i 4130197 |o 620.11 CAL 1995 |p 4130197 |r 2019-11-21 |w 2019-11-21 |y BK_R |k MEC | ||
| 952 | |0 0 |1 0 |2 ddc |4 0 |6 620_110000000000000_CAL_1995 |7 0 |8 A |9 371891 |a BIBMEC |b BIBMEC |d 2019-11-21 |h v.1 |i 4130200 |l 6 |m 1 |o 620.11 CAL 1995 |p 4130200 |r 2024-01-19 |s 2022-04-11 |w 2019-11-21 |y BK_P |k MEC | ||
| 952 | |0 0 |1 0 |2 ddc |4 0 |6 620_110000000000000_CAL_1995 |7 0 |8 A |9 371892 |a BIBMEC |b BIBMEC |d 2019-11-21 |h v.1 |i 4130219 |l 2 |o 620.11 CAL 1995 |p 4130219 |r 2024-01-19 |s 2022-04-04 |w 2019-11-21 |y BK_P |k MEC | ||
| 952 | |0 0 |1 0 |2 ddc |4 0 |6 620_110000000000000_CAL_1995 |7 0 |8 A |9 371893 |a BIBMEC |b BIBMEC |d 2019-11-21 |h v.2 |i 4130227 |l 1 |o 620.11 CAL 1995 |p 4130227 |r 2024-01-19 |s 2021-12-14 |w 2019-11-21 |y BK_P |k MEC | ||
| 952 | |0 0 |1 0 |4 0 |6 620_110000000000000_CAL_1995 |7 0 |8 R |9 371894 |a BIBMEC |b BIBMEC |d 2019-11-21 |h v.2 |i 4130235 |o 620.11 CAL 1995 |p 4130235 |r 2024-12-12 |w 2019-11-21 |y BK_R |k MEC | ||
| 952 | |0 0 |1 0 |4 0 |6 620_110000000000000_CAL_1995 |7 0 |8 R |9 371895 |a BIBMEC |b BIBMEC |d 2019-11-21 |h v.2 |i 4130243 |o 620.11 CAL 1995 |p 4130243 |r 2024-01-19 |w 2019-11-21 |y BK_R |k MEC | ||